Countries within 500km of Norway - Statistics

General Stats
  • This quiz has been taken 56 times
  • The average score is 6 of 6
Answers on the Map
Answers color-coded by a green-red scale on the quiz's map according to % correct below.
 
Answer Stats
Answer % Correct
Finland
100%
Sweden
100%
Denmark
98%
Germany
98%
Russia
98%
United Kingdom
94%
No matching quizzes found
Score Distribution
Percent of People with Each Score
Percentile by Number Answered
Your Score History
You have not taken this quiz